| 000 | 00497nam a2200145Ia 4500 | ||
|---|---|---|---|
| 008 | 170221s9999 xx 000 0 und d | ||
| 100 | _aSergey I. Chernykh | ||
| 245 | _aCorporate Education Abroad: Social and Philosophical Analysis | ||
| 245 | _cSergey I. Chernykh, Vladimir I. Parshikov | ||
| 260 | _bInternational Review of Management and Marketing | ||
| 260 | _cNovember 2015 | ||
| 300 | _a4:4 | ||
| 650 | _xMarketing. | ||
| 856 | _uhttp://www.econjournals.com/index.php/irmm/issue/view/86 | ||
| 999 |
_c310063 _d310063 |
||